000 00850nam a22003137a 4500
001 0000020
003 KOHA_MİRAKIL
005 20260207001156.0
007 ta
008 081212b2006 tu |||gr||||#0|||0|tur |
020 _a9755912371
_c21,69
040 _aTR-BiSEU
_btur
_cTR-BiSEU
_erda
041 0 _atur
044 _ctu
050 _aQA641
_b.S23 2006
100 1 _aSabuncuoğlu, Arif.
245 1 _aDiferensiyel geometri/
_cArif Sabuncuoğlu ; Arif Sabuncuoğlu.
250 _a3. bs.
264 1 _aAnkara :
_bNobel Yayıncılık
_c2006
300 _a440 sayfa; 24 cm.
336 _ametin
_btxt
_2rdacontent
337 _aaracısız
_bn
_2rdamedia
338 _acilt
_bnc
_2rdacarrier
650 0 _aMatematik.
_91486
650 0 _aGeometri.
_91520
650 0 _aDiferensiyel Geometri.
_91521
907 _aMatematik
942 _2lcc
_cBK
999 _c21
_d21